01207naa#a2200205#i#4500001001500000005001700015100004100032102000700073200036900080210016900449215001000618608006000628675013500688700002800823700002800851700002600879700002600905700005200931856001800983RU\\bibl\1932120260418192906.6##a20260417b2026####ek#y0rusy0150####ca##aRU1#aФИЗИЧЕСКАЯ КУЛЬТУРА КАК СРЕДСТВО ФОРМИРОВАНИЯ ГРАЖДАНСКОЙ ИДЕНТИЧНОСТИ И СОЦИАЛЬНЫХ ЦЕННОСТЕЙ МОЛОДЕЖИ В СОВРЕМЕННОЙ РОССИИ (НА ПРИМЕРЕ СТУДЕНЧЕСКОЙ МОЛОДЕЖИ ВОРОНЕЖА)eСтатья/тезисы конференции1#aВоронежcВоронежский государственный лесотехнический университет имени Г.Ф. Морозоваd2026##a8 с.##aСтатья/тезисы конференции2local##aРоль физкультуры и спорта в воспитании и общем развитии личности. 796.011.1#1aАлехинаgО. В.#1aСерищевgА. В.#1aГорловgД. О.#1aВалиевgС. К.#1aКузнецовgИван Васильевич4#abibl.vgltu.ru